000 00928nas a2200289 4500
001 BR2018001088
003 BR-BrBNA
005 20231205131331.0
007 ta
008 230509b bl.|||p| |||| 00| 00por d
040 _aBR-BrBNA
_bpor
_cBiblioteca Nacional de Agricultura
041 _a(En)
072 _aL60
100 1 _aPedroso, M.A.
100 1 _aRocha, P.A. da
100 1 _aBrandão, M.V.
100 1 _aGarbino, G.S.T.
100 1 _aMoraes, C.O. de
100 1 _aAires, C.C.
245 1 _aFIlling gaps in the distributions of the white-winged vampire bat, Diaemus youngii (Phyllostomidae, Desmodontinae): new records for southern Amazonia
650 _aMORCEGO
650 _aDISTRIBUIÇÃO GEOGRÁFICA
650 _aTAXONOMIA
773 0 _tActa Amazônica (Brazil)
_xISSN 0044-5967
_g(Jun 2018), v. 48(2) p. 154-157
_wBR2018001088
909 _a202311
_bLúcia
_c55
_dLúcia Elande
942 _2AGRIS
_n0
_cANA
999 _c254246
_d254246